000
00257nam a2200121Ia 4500
999
_c
5872
_d
5872
020
_a
978-93-392-0404-4
100
_a
P K NAG
245
0
_a
Power Plant Engineering
250
_a
4th
260
_a
India
_b
Mc Graw Hill
_c
2018
300
_a
955
942
_c
BK